| 000 | 00447nam a2200157 4500 | ||
|---|---|---|---|
| 999 |
_c510389 _d510389 |
||
| 008 | 190814b ||||| |||| 00| 0 eng d | ||
| 100 |
_aGalama, Titus J. _98305 |
||
| 245 | _aA theory of socio-economic disparities in health over the life cycle | ||
| 260 | _c2019 | ||
| 300 | _ap.338-374. | ||
| 650 |
_aMedical care _98306 |
||
| 700 |
_aKippersluis, Hans van _98307 |
||
| 773 | _aEconomic Journal | ||
| 906 | _aHealth care | ||
| 942 |
_2ddc _cAR |
||